Three Biggest Cities in Each Asian Country on a Map - Statistics

General Stats
  • This quiz has been taken 592 times
    506 since last reset
  • The average score is 80 of 142
Answers on the Map
Answers color-coded by a green-red scale on the quiz's map according to % correct below.
 
Answer Stats
Country Rank Population City % Correct
2 5,036,238 Ankara
97%
2 16,704,306 Beijing
96%
1 15,113,808 İstanbul
96%
1 20,217,748 Shanghai
96%
1 9,555,919 Tokyo
96%
2 11,007,835 Delhi
95%
2 587,055 Doha
95%
1 4,434,600 Kabul
95%
1 12,442,373 Mumbai
95%
2 283,253 Osh
95%
1 10,010,983 Seoul
95%
1 8,693,706 Tehran
95%
2 1,807,000 Abu Dhabi
94%
1 6,719,476 Baghdad
94%
1 1,229,100 Baku
94%
1 3,386,941 Dubai
94%
1 10,562,088 Jakarta
94%
1 936,425 Jerusalem
94%
2 1,780,148 Manila
94%
1 5,188,286 Riyadh
94%
1 361,366 Beirut
93%
1 6,970,105 Dhaka
93%
2 1,184,469 Nur-Sultan
93%
3 2,725,006 Osaka
93%
1 3,255,288 Pyongyang
93%
1 1,373,150 Ulaanbaatar
93%
1 5,666,264 Bangkok
92%
1 2,079,000 Damascus
92%
3 10,641,408 Guangzhou
92%
2 3,605,364 Hanoi
92%
1 7,004,921 Ho Chi Minh City
92%
1 5,685,807 Singapore
92%
2 460,613 Tel Aviv
92%
1 14,916,456 Karachi
91%
1 1,588,750 Kuala Lumpur
91%
3 1,534,731 Mecca
91%
3 615,222 Ta'izz
91%
1 1,084,000 Yerevan
91%
1 1,812,059 Amman
90%
1 561,314 Colombo
90%
1 1,003,285 Kathmandu
90%
1 1,154,314 Tbilisi
90%
2 11,126,285 Lahore
89%
1 2,189,460 Phnom Penh
89%
1 2,545,000 Sana'a
89%
1 2,571,668 Tashkent
89%
1 200,000 Manama
88%
1 1,039,072 Bishkek
87%
1 947,221 Ashgabat
86%
3 8,436,675 Bangalore
86%
2 3,430,697 Jeddah
86%
2 3,459,840 Busan
85%
1 863,400 Dushanbe
85%
1 114,551 Thimphu
85%
1 620,157 Vientiane
85%
1 1,977,011 Almaty
83%
3 2,956,772 İzmir
83%
1 4,728,524 Yangon
83%
1 127,079 Male
81%
2 1,800,000 Aleppo
80%
1 202,715 Bandar Seri Begawan
80%
3 333,506 Naypyidaw
80%
2 2,582,401 Chittagong
79%
1 244,584 Dili
78%
1 106,850 Nicosia
75%
2 2,874,314 Surabaya
73%
3 285,316 Haifa
69%
2 3,740,172 Yokohama
69%
1 2,936,116 Quezon City
67%
3 1,961,260 Isfahan
66%
3 3,029,285 Incheon
64%
2 1,225,546 Mandalay
64%
2 3,001,184 Mashhad
64%
3 1,340,827 Basra
63%
2 1,361,819 Mosul
63%
3 1,632,991 Davao City
60%
3 3,204,726 Faisalabad
60%
2 863,000 Aden
59%
3 988,561 Da Nang
58%
1 4,030,954 New Taipei City
56%
3 546,303 Samarkand
53%
2 229,398 Tripoli
52%
3 523,300 Kandahar
50%
3 2,765,932 Kaohsiung
50%
2 574,300 Herat
46%
2 101,000 Limassol
46%
2 169,095 Batumi
44%
3 775,404 Homs
43%
3 1,274,749 Sharjah
43%
2 225,607 Siem Reap
41%
2 2,820,787 Taichung
39%
3 1,074,167 Shymkent
36%
2 279,765 Turkmenabat
30%
2 328,400 Ganja
29%
3 293,962 Salalah
27%
2 112,400 Gyumri
24%
2 768,551 Hamhung
24%
3 111,135 Jalal-Abad
24%
2 264,991 Pokhara
23%
3 163,554 Sidon
23%
3 664,728 Khulna
22%
3 502,714 Irbid
21%
3 135,201 Kutaisi
20%
2 635,160 Zarqa
20%
3 2,543,676 Bekasi
18%
3 11,448 Paro
18%
2 99,490 Erdenet
17%
2 183,600 Khujand
17%
2 626,120 Namangan
17%
1 470,878 Seeb
16%
3 297,600 Sumqayit
15%
3 151,827 Battambang
14%
3 667,929 Chongjin
14%
3 245,872 Dashoguz
14%
3 68,093 Pakse
14%
3 77,200 Vanadzor
14%
2 254,375 Nonthaburi
13%
2 91,684 Savannakhet
13%
3 84,707 Darkhan
11%
1 589,531 Ar-Rayyan
10%
2 195,606 Riffa
10%
3 176,583 Muharraq
9%
2 31,890 Kuala Belait
8%
3 226,728 Lalitpur
8%
2 27,658 Phuentsholing
7%
3 67,904 Strovolos
7%
2 17,357 Baucau
6%
3 279,733 Farwaniya
6%
2 15,769 Hulhumale
6%
3 190,272 Pak Kret
6%
3 111,800 Qurghonteppa
6%
3 795,522 Kajang
5%
3 12,787 Maliana
5%
3 165,214 Al-Wukair
4%
3 11,129 Hithadhoo
4%
2 252,041 Kaduwela
4%
2 301,043 Salmiya
4%
2 818,197 Sebarang Perai
4%
1 328,319 Jaleeb Al-Shuyoukh
3%
3 196,423 Maharagama
3%
3 20,327 Sengkurong
2%
2 362,523 Mattrah
1%
No matching quizzes found
Score Distribution
Percent of People with Each Score
Percentile by Number Answered
Your Score History
You have not taken this quiz since the last reset